| 000 | 00845cab a2200217 4500 | ||
|---|---|---|---|
| 001 | ##L134143 | ||
| 008 | 060713n2006 000 0 eng u | ||
| 035 | _a(Sirsi) u134143 | ||
| 041 | 0 | _aeng | |
| 100 | 1 | _aCockcroft, Lucia | |
| 245 | 0 | 0 | _aEG rural |
| 260 | _c2006 | ||
| 490 | 0 |
_aEstates Gazette _v(0627) 8 July 2006, 85-95(7) |
|
| 520 | _aInvestigates who is buying residential farmland, demand for which is at its strongest in two years. Asks whether there is still a need for surveyors in the rural market. Reports on the farmland market which shows a 30% increase of farmland on the open market compared to this time last year. | ||
| 590 | _aIKA180706 | ||
| 651 | 4 | _aGREAT BRITAIN | |
| 690 | _aPROPERTY-RURAL AND NATURAL ASSETS-RURAL AND NATURAL ASSET MARKET | ||
| 700 | 1 | _aKillick, Steve | |
| 700 | 1 | _aBailey, Ian | |
| 942 | _n0 | ||
| 999 |
_c77388 _d77388 |
||